000 00399nam a2200145Ia 4500
005 20240814115811.0
008 240813s9999||||xx |||||||||||||| ||und||
082 _a371.422 MAR
100 _aMarzolf, Stanley S.
245 0 _aPsychological diagnosis and counseling in the schools
260 _aNew York
_bHenry Holt & Co.
_c1956
300 _a401p
650 _aGuidance and Counselling
942 _cBK
999 _c1834
_d1834